Chemical engineering data book (Record no. 36437)

000 -LEADER
fixed length control field 00504nam a22001931 4500
001 - CONTROL NUMBER
control field 36437
003 - CONTROL NUMBER IDENTIFIER
control field BD-DhUET
008 - FIXED-LENGTH DATA ELEMENTS--GENERAL INFORMATION
fixed length control field 871013s1958 enka 000 0 eng u
040 ## - CATALOGING SOURCE
Original cataloging agency DLC
Transcribing agency DLC
Modifying agency BD-DhUET
082 ## - DEWEY DECIMAL CLASSIFICATION NUMBER
Classification number 660.28
Item number ROS/1962
100 ## - MAIN ENTRY--PERSONAL NAME
Personal name Ross, T. K.
245 00 - TITLE STATEMENT
Title Chemical engineering data book
250 ## - EDITION STATEMENT
Edition statement 1st ed.
260 ## - PUBLICATION, DISTRIBUTION, ETC. (IMPRINT)
Place of publication, distribution, etc. London
Name of publisher, distributor, etc. Leonard Hill
Date of publication, distribution, etc. 1962
300 ## - PHYSICAL DESCRIPTION
Extent x,998p.
Other physical details ill.
Dimensions 22 cm.
650 #0 - SUBJECT ADDED ENTRY--TOPICAL TERM
Topical term or geographic name as entry element Chemical engineering-Data processing
700 1# - ADDED ENTRY--PERSONAL NAME
Personal name Freshwater, D. C.
942 ## - ADDED ENTRY ELEMENTS (KOHA)
Koha item type General Book
Holdings
Koha date last seen Price effective from Piece designation (barcode) Koha full call number Not for loan Location (home branch) Sublocation or collection (holding branch) Koha normalized classification for sorting Damaged status Withdrawn status Date acquired Copy number Lost status Koha item type Shelving location Source of classification or shelving scheme
2016-01-072016-01-0722468660.28/ROS/1962 Central Library, BUETCentral Library, BUET660_280000000000000_ROS_1962  2016-01-071 General BookReference section 
2016-01-072016-01-0722469660.28/ROS/1962 Central Library, BUETCentral Library, BUET660_280000000000000_ROS_1962  2016-01-072 General BookReference section 
2016-01-072016-01-0722474660.28/ROS/1962 Central Library, BUETCentral Library, BUET660_280000000000000_ROS_1962  2016-01-073 General BookReference section 
2016-01-072016-01-0722473660.28/ROS/1962 Central Library, BUETCentral Library, BUET660_280000000000000_ROS_1962  2016-01-074 General BookReference section 
2016-01-072016-01-0722470660.28/ROS/1962 Central Library, BUETCentral Library, BUET660_280000000000000_ROS_1962  2016-01-075 General BookReference section 
2016-01-072016-01-0722471660.28/ROS/1962 Central Library, BUETCentral Library, BUET660_280000000000000_ROS_1962  2016-01-076 General BookReference section 
2016-01-072016-01-0722475660.28/ROS/1962 Central Library, BUETCentral Library, BUET660_280000000000000_ROS_1962  2016-01-077 General BookReference section 
2016-01-072016-01-0712046660.28/ROS/1962 Central Library, BUETCentral Library, BUET660_280000000000000_ROS_1962  2016-01-078 General BookReference section